Buddhist Psychology (Record no. 8170)
[ view plain ]
| 000 -LEADER | |
|---|---|
| fixed length control field | 00253nam a22001097a 4500 |
| 008 - FIXED-LENGTH DATA ELEMENTS--GENERAL INFORMATION | |
| fixed length control field | 190719b ||||| |||| 00| 0 eng d |
| 082 ## - DEWEY DECIMAL CLASSIFICATION NUMBER | |
| Classification number | 248.1 NYA |
| 100 ## - MAIN ENTRY--PERSONAL NAME | |
| Personal name | Nyanasamvara, Phra |
| 245 ## - TITLE STATEMENT | |
| Title | Buddhist Psychology |
| 300 ## - PHYSICAL DESCRIPTION | |
| Extent | 77 p. |
| Dimensions | 18 cm. |
| 942 ## - Added entry Elements (Koha) | |
| Source of classification or shelving scheme | Dewey Decimal Classification |
| Withdrawn status | Lost status | Source of classification or shelving scheme | Damaged status | Not for loan | Collection code | Home library | Current library | Shelving location | Date acquired | Serial Enumeration / chronology | Total Checkouts | Total Renewals | Full call number | Barcode | Date last seen | Date last checked out | Price effective from | Koha item type |
|---|---|---|---|---|---|---|---|---|---|---|---|---|---|---|---|---|---|---|
| Dewey Decimal Classification | Main TEST | RTC Library | RTC Library | Main opac | 19/07/2019 | 13680 | 2 | 1 | 248.1 NYA | 30011625 | 13/09/2023 | 11/08/2023 | 19/07/2019 | Main |